Γαμήλια έθιμα των Καραγκούνηδων της Δυτικής Θεσσαλίας : το παράδειγμα της Κοινότητας Ματαράγκας
Saved in:
| Main Author: | |
|---|---|
| Format: | Book |
| Language: | Greek |
| Published: |
Καρδίτσα :
1994
|
| Subjects: | |
| Tags: |
Add Tag
No Tags, Be the first to tag this record!
|
MARC
| LEADER | 00000nam a2200000 i 4500 | ||
|---|---|---|---|
| 001 | 1/102763 | ||
| 008 | 950509s1994 gre d | ||
| 020 | |a 960-220-729-9 | ||
| 035 | |l 10012632 | ||
| 040 | |a GR-MY-UA |b gre |e aacr | ||
| 041 | 0 | |a gre | |
| 082 | 0 | |a 392.5094954 | |
| 100 | 1 | |a Αντωνίου, Αντώνης Α. | |
| 245 | 1 | 0 | |a Γαμήλια έθιμα των Καραγκούνηδων της Δυτικής Θεσσαλίας : |b το παράδειγμα της Κοινότητας Ματαράγκας / |c Αντώνη Α. Αντωνίου |
| 260 | |a Καρδίτσα : |c 1994 | ||
| 300 | |a 16 σ. |b φωτ. | ||
| 650 | 0 | 0 | |a Marriage customs and rites |z Greece |z Thessaly. |
| 650 | 0 | 0 | |a Marriage |z Greece |z Thessaly. |
| 852 | |a INST |b LESVOS |e 19950509 |h 392.5094954 ANT |p 005100001150 |q 005100001150 |t BK |y 0 | ||
| 909 | |a Λ |b 040924 | ||